| 000 | 00544nam a2200205 a 4500 | ||
|---|---|---|---|
| 001 | 539 | ||
| 003 | CDMR | ||
| 005 | 20131128181213.0 | ||
| 008 | 130130s1977||||||||||||||||||||||||||||d | ||
| 020 | _a8429713255 | ||
| 040 |
_aCDMR _bcat _cCDMR |
||
| 100 | 1 |
_aGubern, Romà _9389 |
|
| 245 | 1 | 0 |
_aComunicación y cultura de masas _cRomán Gubern |
| 260 |
_aBarcelona _c1977 _bPenínsula |
||
| 300 | _a300 p. | ||
| 490 | 0 |
_aCiencias Sociales. _aEnsayo |
|
| 650 | 0 | 4 |
_93211 _aComunicació i cultura |
| 650 | 0 | 4 |
_93478 _aCultura de massa |
| 942 |
_cMON _2udc |
||
| 999 |
_c539 _d539 |
||